000 nam a22 7a 4500
999 _c16758
_d16758
008 161116b xxu||||| |||| 00| 0 eng d
020 _a0558451241
020 _a9780558451240
050 _aLB 1775.2 .P43 2011
100 _aDoyle, Antoinette
245 _aPearson Custom Education Teaching Children to Read/
_cAntoinette Doyle
260 _aNew York:
_bPearson Learning Solutions,
_c2011
300 _a361p. :
_bill. ;
_ccm
500 _aIncludes index.
650 _aTeaching.
650 _aReading (Elementary).
942 _2lcc
_cBOOKS
_hLB 1775.2 .P43 2011